| 000 | 00460nam a22001697a 4500 | ||
|---|---|---|---|
| 005 | 20180316161538.0 | ||
| 008 | 160430b xxu||||| |||| 00| 0 eng d | ||
| 020 | _a0-19-511470-1 | ||
| 041 | _aeng | ||
| 082 |
_b1091 _a332.645 |
||
| 100 |
_aDubofsky david A AND Miiler Thomas W _94197 |
||
| 245 | _aDERIVATIVES: valuation and risk management | ||
| 260 |
_aNew York _bOxford University Press, _c2003 |
||
| 300 | _a645 | ||
| 650 |
_aManagement _9241 |
||
| 942 | _cBK | ||
| 999 |
_c407 _d407 |
||